00741nas a2200229Ia 4500001001100000003000900011008004100020040001300061040001300074041001300087100004400100210001300144222001300157245005200170250001100222260003000233501008600263300001900349362003500368500007000403650003800473R224/C6213IT-RoPAU151124c99999999xx |||||||||||| ||und|| aIT-RoPAU cIT-RoPAU aITALIANO aCaronna LauragCodice Aut. SPICS: 48201 aBERENICE aBerenice aBERENICE, ANNO 01-N.03 (NOVEMBRE 1993)bSi & No a1a ed. aROMAbPAGINE S.R.L.c1993 bPaulus - SPICS - Società San Paolo EM (non-commercial uses only)cCopyright2015 a6 p. [542-547] aANNO 001, N.03 (NOVEMBRE 1993) aRivista Quadrimestrale di Letteratura Moderna che Nasce nel 1974. aESTETICAvPUBBLICAZIONE PERIODICA